Random Geography Trivia #1 - Statistics

General Stats
  • This quiz has been taken 259 times
    117 since last reset
  • The average score is 8 of 10
Answer Stats
Hint Answer % Correct
What is the only continent with land in all four hemispheres? Africa
96%
True or False: Holland is a region in The Netherlands? True
95%
What is the capital of Ireland? Dublin
94%
On what continent would you find the world’s largest desert? Antarctica
89%
What is the smallest US state by area? Rhode Island
89%
Which river flows through the Grand Canyon? Colorado
77%
What is the Great Lake that only has coastal borders in the U.S? Lake Michigan
75%
What is the state capital of New York? Albany
74%
Where is Angel Falls, the world’s largest waterfall, located? Venezuela
65%
What is the tallest type of tree? Coastal Redwood
2%
No matching quizzes found
Score Distribution
Percent of People with Each Score
Percentile by Number Answered
Your Score History
You have not taken this quiz since the last reset